000 00522nam a22001937a 4500
003 koha_MIRAKIL
005 20231213095850.0
008 231213b |||||||| |||| 00| 0 ||| d
020 _b978-9-75071940-0
040 _aTR-IsEVY
_btur
_cTR-IsEVY
082 _a869 VAS/Ş
100 _aVasconceles, Jose Mauro de.
245 0 _aŞeker portakalı.
260 _bCan Yayınları,
_c2014
300 _a197 s.
650 _aBrazilian literature -- Fiction.
650 _aBrezilya edebiyatı -- Roman.
942 _2ddc
_cBK
999 _c10726
_d10726